Economía : elementos de micro y macroeconomía /

Guardado en:
Autor Principal: Beker, Víctor A.
Otros Autores: Mochón, Francisco
Formato: Libro
Publicado: Madrid : Mcgarw-hill, 1994
Materias:
Etiquetas: Agregar Etiqueta
Sin Etiquetas, Sea el primero en etiquetar este registro!
LEADER 01942nam a22002535a 4500
001 CEM.cems007499
008 130507s1994##################000#0#####d
005 20241220110303.0
245 1 0 |a Economía :  |b elementos de micro y macroeconomía /  |c Víctor Alberto Beker ; francisco Mochón Morcillo 
260 |a Madrid :  |b Mcgarw-hill,  |c 1994 
300 |a 379 p. 
505 0 |a La economía y la necesidad de elegir -- Los agentes económicos -- El concepto de sistema económico -- El sistema de economía de mercado -- Los sistemas de economía centralizada -- La empresa y la producción -- Los costos de la producción -- La retribución de los factores productivos -- El mercado, los precios y la elasticidad -- La competencia perfecta, el monopolio y el oligopolio -- El enfoque macroeconómico: el ingreso naciónal y otros agregados. 12.El empleo y la distribuci¢n del ingreso nacional -- La intervención del estado en la economía: la política fiscal -- La financiación de la economía: el dinero y los bancos -- El control de la cantidad de dinero por parte del Banco Central -- El comercio internacional y la balanza de pagos -- Los regímenes de comercio: el Mercosur -- Los mercados de cambio -- El crecimiento económico y el medio ambiente -- Desarrollo y subdesarrollo -- La inflación: causas y efectos -- Las fluctuaciones económicas y el desempleo -- Notas sobre la evolución reciente de la economía argentina 
020 |a 8448119738 
100 1 |a Beker, Víctor A. 
700 1 |a Mochón, Francisco 
082 0 4 |a 330 
653 |a Desempleo 
653 |a Economía 
653 |a Economía argentina 
653 |a Economía de mercado 
859 |a CEMS  |b BIB. CEMS - Agricultura  |h 330  |i B398  |p A3183.18  |t Ej.1 
859 |a CEMS  |b BIB. CEMS - 11 de abril  |h 330  |i B398  |p 17529.94  |t Ej.1 
859 |a CEMS  |b BIB. CEMS - 11 de abril  |h 330  |i B398  |p 19055.97  |t Ej.2 
859 |a CEMS  |b BIB. CEMS - 11 de abril  |h 330  |i B398  |p 19056.97  |t Ej.3